01306nam a2200373 a 450000100060000000300080000600500170001400600190003100700150005000800410006502000180010603500230012403500240014703500250017103500210019604000260021705000240024308000120026708200170027910000180029624500850031426000390039930000110043853301640044965000640061365000270067765000580070465000250076265500270078771000190081483000200083385600620085399900170091527303FlNmELB20241216215953.0m o d | cr cn|||||||||201211r2010 sp |||||s|||||||||||spa d z9788497884471 a(MiAaPQ)EBC3202863 a(Au-PeEL)EBL3202863 a(CaPaEBR)ebr10623457 a(OCoLC)929377675 aFlNmELBbspacFlNmELB 4aTK7881.4bS467 2010 a004.77204a621.38932221 aSellas, Toni.13aEl Podcastingh[recurso electronico] :bla (r)evolución sonora /cToni Sellas. aBarcelona :bEditorial UOC,c2010. a121 p. aRecurso electrónico. Santa Fe, Arg.: e-libro, 2015. Disponible vía World Wide Web. El acceso puede estar limitado para las bibliotecas afiliadas a e-libro. 4aSonidoxGrabación y reproducciónxTécnicas digitales. 4aElectrónica digital. 4aSoundxRecording and reproducingxDigital techniques. 4aDigital electronics. 4aLibros electrónicos.2 ae-libro, Corp. 0aTic-cero ;v41.40uhttps://elibro.net/ereader/politecnicointernacional/56272 c27303d27303